Aritmética i /

Guardado en:
Autor Principal: Alcántara, Lidia E.
Formato: Libro
Publicado: Buenos Aires : Estrada, 1973
Edición:19a. ed.
Materias:
Etiquetas: Agregar Etiqueta
Sin Etiquetas, Sea el primero en etiquetar este registro!
LEADER 00444nam a22001695a 4500
001 CEM.cems000412
005 20061109170007.0
008 130507s1973##################000#0#####d
003 CEMS
082 0 4 |a 511 
100 1 |a Alcántara, Lidia E. 
245 1 0 |a Aritmética i / 
250 |a 19a. ed. 
260 |a Buenos Aires :  |b Estrada,  |c 1973 
300 |a 260 p. 
653 |a Matematica 
859 |a CEMS  |b BIB. CEMS - 11 de abril  |h 511  |i AL16a19  |p 9511.81  |t Ej.1  |v I  |3 I